000 00803 a2200205 4500
020 _a0387982655
040 _aDLC
_bDLC
082 0 0 _a510.2462
100 1 _aGustafson, Grant B.
245 1 0 _aAnalytical and computational methods of advanced engineering mathematics
_bGrant B. Gustafson, Calvin H. Wilcox.
246 1 8 _aAdvanced engineering mathematics
260 _aNew York :
_bSpringer,
_cc1998.
300 _axxii, 729 p. :
_bill. ;
_c24 cm.
440 0 _aTexts in applied mathematics ;
_v28
650 0 _aEngineering mathematics.
700 1 _aWilcox, Calvin H.
856 4 2 _3Publisher description
_uhttp://www.loc.gov/catdir/enhancements/fy0817/97049494-d.html
856 4 2 _3Table of contents only
_uhttp://www.loc.gov/catdir/enhancements/fy0817/97049494-t.html
942 _cBK
_k510.2462 GUS
_2ddc
999 _c7380
_d7380